Obálka Náhled e-knihy:
PDF Epub
Pro půjčování e-knih musíte být přihlášeni.
Jak si půjčit online?

Magická zvířecí kavárna. Myšák domovník /

Úvodní část kouzelné série o dívence a chlapci, kteří dovedou mluvit se zvířaty.

Uloženo v:
Série:Magická zvířecí kavárna, část 1
Hlavní autor: Tarakson, Stella (Autor)
Další autoři: Attanasio, Fabiana, 1985- (Autor), Kupková, Tereza, 1989- (Ilustrátor)
Médium: E-kniha
Jazyk:Czech
Vydáno: V Praze : Fragment, 2023
Vydání:1. vydání
Témata:
Příbuzné jednotky:Přeloženo z: Magic animal café
Z cyklu:: Magická zvířecí kavárna
Tagy:
Žádné tagy
LEADER 02838nam a2200517 i 4500
001 312078
003 CZ PrSKC
005 20260601215716.0
007 ta
008 230907s2023 xr a b 000 j cze
015 |a cnb003545840 
020 |a 9788025363874  |q (vázáno) :  |c Kč 249,00 
035 |a (OCoLC)1402156072 
040 |a ABG001  |b cze  |e rda 
041 1 |a cze  |h eng 
072 7 |a 821.111-3  |x Anglická próza, anglicky psaná  |2 Konspekt 
072 7 |a 821-93  |x Literatura pro děti a mládež (beletrie)  |2 Konspekt 
080 |a 821.111(94)-32  |2 MRF 
080 |a 821-93  |2 MRF 
080 |a (0:82-32)  |2 MRF 
100 1 |a Tarakson, Stella  |7 xx0306460  |4 aut 
240 1 0 |a Herriot the caretaker mouse.  |l Česky 
245 1 0 |a Magická zvířecí kavárna.  |p Myšák domovník /  |c Stella Taraksonová ; ilustrovala Fabiana Attanasio ; z anglického originálu Magic animal café - Herriot the caretaker mouse ... přeložila Tereza Kupková 
246 3 0 |a Myšák domovník 
250 |a 1. vydání 
264 1 |a V Praze :  |b Fragment,  |c 2023 
300 |a 118 stran :  |b ilustrace ;  |c 21 cm 
336 |a text  |b txt  |2 rdacontent 
337 |a bez média  |b n  |2 rdamedia 
338 |a svazek  |b nc  |2 rdacarrier 
520 2 |a Úvodní část kouzelné série o dívence a chlapci, kteří dovedou mluvit se zvířaty.  |b Ellie s maminkou začínají nový život. Ve starém domě po dědečkovi chtějí otevřít kočičí kavárnu. Před sebou však mají i další úkol - přivítat v domě nové nájemníky. Ellie se nechce o bydlení s nikým dělit, a už vůbec ne se sousedem Blakeem a jeho neposedným štěnětem. Pak se jim ale do cesty postaví myšák, který má v plánu nájemníky z jejich nového bydlení stůj co stůj vyhnat. Dokážou Ellie a Blake spojit síly a vymyslet, co s tím? Nakladatelská anotace. 
521 8 |a Pro čtenáře od 7 let 
655 7 |a australské příběhy  |7 fd230221  |2 czenas 
655 7 |a publikace pro děti  |7 fd133156  |2 czenas 
655 9 |a Australian stories  |2 eczenas 
655 9 |a children's literature  |2 eczenas 
700 1 |a Attanasio, Fabiana,  |d 1985-  |7 mzk2016933547  |4 ill 
700 1 |a Kupková, Tereza,  |d 1989-  |7 xx0265158  |4 trl 
765 0 |t Magic animal café 
787 0 8 |i Z cyklu:  |t Magická zvířecí kavárna  |g 1 
900 |a ABA001  |b 20 
928 9 |a Albatros Media - Fragment 
044 |a xr 
910 |a RBIT002 
998 |d 386095  |a https://core.palmknihy.cz/api/books/386095/cover?si6757  |b https://core.palmknihy.cz/api/books/386095/cover/400?si6757  |c https://core.palmknihy.cz/api/books/386095/cover/50?si6757  |e 2027-09-05  |g 120  |i 9788025363874  |j https://core.palmknihy.cz/api/books/386095/preview.epub  |k https://core.palmknihy.cz/api/books/386095/preview.pdf  |l   |q 49  |r 1  |s https://www.palmknihy.cz/kniha/386095  |t ebook  |y 2023  |z 0  |v Magická zvířecí kavárna  |w 1 
999 |d 312076